书目信息 |
| 题名: |
实用英语描写词典
|
|
| 作者: | 曲卫国 编著 | |
| 分册: | ||
| 出版信息: | 北京 世界图书出版公司 1995.10 |
|
| 页数: | 788页 | |
| 开本: | 32开 | |
| 丛书名: | ||
| 单 册: | ||
| 中图分类: | H313-61 | |
| 科图分类: | ||
| 主题词: | 英语 | |
| 电子资源: | ||
| ISBN: | 7-5062-2197-7 | |
| 000 | 00558nam0 2200193 45 | |
| 001 | 0003280895 | |
| 005 | 20000328082944.1 | |
| 010 | @a7-5062-2197-7@d24.50元 | |
| 100 | @a20000328d1995 km y0chiy0120 ea | |
| 101 | @achi | |
| 105 | @a z 000yy | |
| 200 | 1 | @a实用英语描写词典@AShi Yong Ying Yu Miao Xie Ci Dian@f曲卫国 编著@FQu Wei Guo Bian Zhu |
| 210 | @a北京@c世界图书出版公司@d1995.10 | |
| 215 | @a788页@d32开 | |
| 606 | 0 | @a英语 |
| 690 | @aH313-61@v3 | |
| 701 | @a曲卫国@4编著 | |
| 801 | @aCN@bPftUser@c20000328 | |
| 905 | @f2@b51851-852@dH313-61@eQ281 | |
| 实用英语描写词典/曲卫国 编著.-北京:世界图书出版公司,1995.10 |
| 788页;32开 |
| ISBN 7-5062-2197-7:24.50元 |
| ● |
| 相关链接 |
|
|
|
正题名:实用英语描写词典
索取号:H313-61/Q281
 
预约/预借
| 序号 | 登录号 | 条形码 | 馆藏地/架位号 | 状态 | 备注 |
| 1 | 51851 | 200518519 | 语言库209/209语言库 31排2列5层/ [索取号:H313-61/Q281] | 在馆 | |
| 2 | 51852 | 200518528 | 语言库209/209语言库 31排2列5层/ [索取号:H313-61/Q281] | 在馆 |